Представление документа в формате RUSMARC

ПолеНазваниеЗначение
  Тип записи a
  Библиографический уровень m
001 Контрольный номер RU/IS/BASE/332414851
005 Дата корректировки 20201206204730.8
010 Индекс ISBN __
a ISBN 978-5-238-01697-9 (в пер.)
d Цена 472-00
100 Данные общей обработки __
a Данные общей обработки 19090820d2009 |||y0rusy0189 ca
101 Язык документа __
a Язык текста rus
102 Страна публикации __
a Страна публикации RU
105 Кодированные данные (монография) __
a Кодированные данные (монография) y zzzz|||zy
200 Заглавие и сведения об ответственности 1_
a Заглавие Актуальные проблемы гражданского права
e Сведения, относящиеся к заглавию учеб. пособие для студентов высш. учеб. заведений : учеб. пособие для курсантов и слушателей образоват. учреждений МВД России юрид. профиля : учеб. пособие для студентов высш. учеб. заведений, обучающихся по специальности 030501 "Юриспруденция". Науч. специальность 12.00.03 "Гражд. право"; предпринимат. право; семейн. право; междунар. част. право"
f Первые сведения об ответственности [Ю. Н. Андреев и др.] ; под ред. Н. М. Коршунова [и др.]
b Общее обозначение материала Текст
205 Сведения об издании __
a Основные сведения об издании 2-е изд., перераб. и доп.
210 Выходные данные __
a Место издания М.
c Издательство ЮНИТИ
c Издательство Закон и право
d Дата издания 2010 [т. е. 2009]
215 Физическое описание __
a Объем 431 с.
300 Общие примечания __
a Общие примечания Факт. дата выхода в свет: 2009
320 Библиография __
a Библиография Лит.: с. 419-429
330 Аннотация __
a Аннотация Рассмотрены институты гражданского права, которые имеют неоднозначное толкование на практике. Освещены вопросы приобретательной давности, право собственности крестьянских фермерских хозяйств, проблемы ограничения права пользования жилыми помещениями собственников жилья, вопросы, касающиеся субсидиарной ответственности и ее видов.
606 Тематические рубрики __
a Основная рубрика Право
y Географическая подрубрика Российская Федерация
606 Тематические рубрики __
a Основная рубрика Гражданское право в целом
610 Ключевые слова __
a Ключевые слова право собственности; имущественное право; земельные участки; земельное право; крестьянские хозяйства; фермерские хозяйства; наследование имущества; жилые помещения; жилищное право; собственники жилья; правовые режимы; сервитутное право; сервитуты; иждивение; цессии; уступка права требования; право требования; субсидиарная ответственность; казенные предприятия; банкротство организаций; банкротство; государственные муниципальные учреждения; муниципальные учреждения; правовое регулирование; договор займа; заемные обязательства; обязательственное право; договор дарения; наследственное право
686 Индексы других классификаций __
a Классификационный индекс 67.404(2Рос)я73
702 Вторичная интеллектуальная ответственность _1
a Фамилия Андреев
b Имя Ю. Н.
4 Код отношения Автор
c Титул (звания) д-р юрид. наук
f Даты 1954-
g Полное личное имя Юрий Николаевич
702 Вторичная интеллектуальная ответственность _1
a Фамилия Коршунов
b Имя Н. М.
4 Код отношения Автор
f Даты 1952-
g Полное личное имя Николай Михайлович
702 Вторичная интеллектуальная ответственность _1
a Фамилия Эриашвили
b Имя Н .Д.
4 Код отношения Автор
702 Вторичная интеллектуальная ответственность _1
a Фамилия Волкова
b Имя Н. А.
4 Код отношения Автор
702 Вторичная интеллектуальная ответственность _1
a Фамилия Алексий
b Имя П. В.
4 Код отношения Автор
801 Источник записи _0
a Страна RU
b Организация Муниципальное бюджетное учреждение культуры "Централизованная библиотечная система" г. Сургут (Центральная городская библиотека им. А. С. Пушкина)
c Дата составления 20090820
g Правила каталогизации КиК/Поспелова
801 Источник записи _1
a Страна RU
b Организация Муниципальное бюджетное учреждение культуры "Централизованная библиотечная система" г. Сургут (Центральная городская библиотека им. А. С. Пушкина)
c Дата составления 20090820
g Правила каталогизации КиК/Поспелова
852 Данные о местонахождении __
j Шифр хранения 67.404(2Рос)я73
c Каталожный индекс 67.404(2Рос)я73
i Авторский знак А 43
901 Тип документа __
t Тип документа m
903 Характеристики (МАРС) __
a Дата передачи 20100714
969 Тип издания __
a Тип издания учебное пособие
990 Данные о заказе (DOS) __
j Количество экземпляров (DOS) 3
t N записи в КСУ для И/У (DOS) 201008